[Event "Høstturneringen 2010"]
[Site "Ås, Akershus NOR"]
[Date "2010.10.14"]
[Round "5"]
[White "Lea, Per"]
[Black "Hovland, Arne"]
[Result "1/2-1/2"]
[WhiteElo "1569"]
[BlackElo "1574"]
[Annotator "Lea,Per"]
[PlyCount "93"]
[EventDate "2010.09.02"]

1. e4 c5 2. Nf3 e6 3. d4 cxd4 4. Nxd4 a6 5. c4 {Enda en siciliansk variant jeg
ikke liker... D.v.s.: jeg trodde jeg kunne få et mektig sentrum ved å spille
som her, men min partipraksis viser noe ganske annet.} Qc7 6. Be3 Nf6 7. Bd3 d6
8. Nc3 Nbd7 9. Qe2 $2 {Her så jeg nok syner. Planen var å trekke løperen
tilbake til c2 når svart spiller springeren til c5. At den også kunne gå til
e5 med desto større effekt, hadde jeg rett og slett oversett} Ne5 10. f4 Nxd3+
11. Qxd3 Ng4 12. Bd2 b6 (12... Be7 13. h3 Nf6 14. O-O O-O {
er sannsynligvis en bedre plan}) 13. h3 Nf6 14. O-O e5 {Igjen er det bedre å
forberede rokaden. Nå begynner det å likne på en hvit fordel} 15. Nb3 Be6 16.
Nd5 Bxd5 17. exd5 (17. cxd5 {Hvem har ikke opplevd at når man har valget
mellom to trekk, så velger man det sårligste? Det er ikke lett å si hvordan
jeg kan ha tenkt her. Kanskje så jeg for meg en åpning av e-linja, og det må
jo være bra, med svarts konge på e8. Men det eneste som skjer, er at svart får
en fribonde i e-linja. Om jeg helt overså svarts neste trekk, eller bare
undervurderte det, er ikke så lett å si sånn i ettertid. Jeg kan jo håpe på
det siste. men mistenker det første} Be7 18. Rac1 Qd7 19. fxe5 dxe5 20. Rc6 {
begynner å likne på sånne stillinger som jeg har når jeg tar meg en kopp kaffe.
Det drikker jeg nemlig vanligvis ikke under partiet, av frykt for å havne i
do-kø. Men når jeg står godt, eller nettopp har vunnet, stiller det seg
annerledes.}) 17... e4 $1 18. Qd4 Be7 19. Be3 (19. Bc3 b5 20. Nd2 Qa7 21. Qxa7
Rxa7 22. Rfe1 Kd7 23. Nxe4 bxc4 24. Rad1 {gir nok en litt bedre stilling for
hvit, men de litt rufsete bondestillingene gjør det litt vanskelig å vurdere
alle varianter godt nok}) 19... O-O 20. Nd2 (20. Qxb6 $2 Qxc4 {
og fordelen overgår til svart}) 20... Qc5 21. Qc3 (21. g4 Qxd4 22. Bxd4 b5 23.
g5 Nh5 24. Nxe4 bxc4 25. Rac1 {er en interessant ide, men å våge å fly på med
g-bonden på denne måten krever sin mann.}) 21... Qc7 22. Qc2 $4 {Det er jamen
bra jeg er innkalt til øyelege 13. januar. Nå blir det litt motbakkekjøring
framover.} Nxd5 23. Qxe4 Nxe3 24. Qxe3 d5 25. Qd3 Rfd8 26. Rad1 Bf6 $2 {
Ser kanskje naturlig ut, men} (26... Bc5+ 27. Kh1 dxc4 28. Qxc4 Rd4 29. Qe2
Rxf4 {hadde nok vært mer fristende}) 27. b3 (27. cxd5 Qc5+ 28. Kh2 Qxd5 29.
Qxd5 Rxd5 30. Nc4 Rxd1 31. Rxd1 b5 {er en forenkling jeg nok undervurderte.
Tankegangen var sannsynligvis den at jeg vurderte det dithen av ulempen ved å
ha springer mot løper ble større med mindre materiell på brettet.}) 27... b5
28. cxd5 Qc5+ 29. Kh1 Qxd5 30. Qxd5 Rxd5 31. Ne4 Rad8 32. Nxf6+ gxf6 {
Her pustet jeg lettet ut, men svakheten i svarts kongestilling er nok bare
illusorisk.} 33. Rxd5 Rxd5 34. Rf2 Rd1+ 35. Kh2 Ra1 36. Kg3 f5 37. Kh4 h6 38.
Kh5 Kg7 39. Rd2 b4 40. Kh4 Kh7 41. g4 fxg4 42. hxg4 a5 43. Kg3 Kg6 44. Kf3 f6 {
Stillingen er nok temmelig flat. Svarts tårn som tilsynelatende står off-side
i kroken, hindrer effektivt ethvert forsøk av hvit på å spise de svarte
bøndene på} 45. Ke4 Re1+ 46. Kf3 Ra1 47. Ke4 1/2-1/2

[Event "Høstturneringen 2010"]
[Site "Ås, Akershus NOR"]
[Date "2010.10.14"]
[Round "5"]
[White "Bakken, Svein-Erik"]
[Black "Furnes, Torstein"]
[Result "0-1"]
[WhiteElo "1381"]
[BlackElo "1551"]
[PlyCount "108"]
[EventDate "2010.09.02"]

1. d4 d5 2. c4 e6 3. Nc3 Nf6 4. Bg5 Be7 5. e3 O-O 6. Nf3 Nbd7 7. Qc2 dxc4 8.
Bxc4 c5 9. O-O cxd4 10. Nxd4 a6 11. Bxe6 fxe6 12. Nxe6 Qa5 13. Nxf8 Qxg5 14.
Nxd7 Bxd7 15. Ne2 Bd6 16. Qb3+ Kf8 17. f4 Qb5 18. Nd4 Qxb3 19. Nxb3 Re8 20.
Rad1 Bb4 21. Rd4 a5 22. a3 Rxe3 23. axb4 Rxb3 24. bxa5 Rxb2 25. Rfd1 Bc6 26.
R1d2 Rb5 27. Ra2 Rb1+ 28. Kf2 Ne4+ 29. Ke3 Nc3 30. Rc2 Nd5+ 31. Kf2 Ra1 32. Rc5
Ra2+ 33. Kg1 Ne3 34. Rxc6 bxc6 35. g3 Rxa5 36. Kf2 Nf5 37. Rc4 c5 38. Kf3 Nd6
39. Rc2 c4 40. Ke3 Rc5 41. Kd4 Rc8 42. Kd5 Nb5 43. Rxc4 Rxc4 44. Kxc4 Nd6+ 45.
Kd5 Ke7 46. g4 Nf7 47. g5 g6 48. h3 Kd7 49. h4 Ke7 50. Ke4 Ke6 51. h5 Nd6+ 52.
Kf3 gxh5 53. Kg3 Nf5+ 54. Kf3 Kd5 0-1

[Event "Høstturneringen 2010"]
[Site "Ås, Akershus NOR"]
[Date "2010.10.21"]
[Round "6"]
[White "Lea, Per"]
[Black "Weberg, Øivind"]
[Result "1-0"]
[WhiteElo "1569"]
[BlackElo "1416"]
[Annotator "Lea,Per"]
[PlyCount "72"]
[EventDate "2010.09.02"]

1. e4 c6 {En positiv overraskelse - Øyvind har de siste årene foretrukket
fransk mot meg, og litt for ofte har jeg haltet hjem med kroppen full av
blåmerker etter disse partiene. Alle forberedelsene mine riktig nok rett i
vasken, men...} 2. d4 d5 3. Nc3 e6 {Dette trekket er vel ikke helt patent her.
I 100% av partiene mine har svart svart slått på e4 i denne stillingen, og det omtales
også i Dr M. Euwe: Spelöppningsteori N:r 8 Halvöppna spel I Franskt, Caro-Kann
(Tidskrift för Schacks förlag 1944) slik: "... leder til Franskt parti, varvid
svart emellertid blir ett tempo efter (c7-c6 är ju sedan ett värdelöst drag;
svart måste skyndsamt låta c6-c5 följa)" . Allikevel er trekket spilt flere
ganger, om enn ikke på topp-plan.} 4. e5 Bb4 5. Qg4 Kf8 {Jeg vet at dette
trekket blir anbefalt i diverse liknende varianter, men jeg har egentlig aldri
helt skjønt hvorfor. Men jeg begynte jo å frykte at jeg var på vei rett inn i
en hjemmesnekret og gjennomanalysert spesialvariant.} 6. Bd2 Ne7 7. Bd3 Ng6 {
For nesten hvert av de siste og mange av de neste trekkene gir Fritz 11 høy
score til c6-c5. Salig henfarne Euwe hadde nok rett ("svart måste skyndsamt
c6-c5 följa"). Neste gang jeg kommer til Amsterdam skal jeg besøke Max Euwe
Plein og legge ned en blomst på minnestøtten hans der, forøvrig med den minste
bysten jeg har sett (som en litt stor knytteneve)} 8. h4 h5 9. Qg3 Qe8 {
For å slippe å miste en bonde etter avbyttet på g6, men Fritz (og Euwe) maser
fremdeles etter c6-c5.} 10. Qf3 Kg8 11. g4 $2 {Å fortsette med utviklingen:
forberede kort rokade eller rokere langt med en gang hadde kanskje vært bedre,
men: "Angrep er det beste angrep" (Per Lea, hobbysjakkspiller)} hxg4 12. Qxg4
Be7 13. h5 Nh4 $4 {Strengt tatt var jo ikke gampen truet, siden bonden på h5
er bundet. Men skal den flytte, bør den heller gå til f8, selv det ikke ser
spesielt fristende ut. Nå vinner hvit 2 lette offiserer for et tårn, og til og
med de 2 eneste svarte offiserene som var utviklet.} 14. Rxh4 Bxh4 15. Qxh4 Nd7
16. Nf3 g6 17. h6 Nf8 18. Qf6 Rh7 19. O-O-O {Verken Fritz eller jeg finner noe
direkte angrepstrekk, så derfor må det hvite tårnet med i spillet.} Nd7 20. Qh4
Nf8 {Fritz maser fremdeles på c6-c5. Det er nesten den eneste måten svart kan
få brikkene sine i spill på.} 21. Rh1 Bd7 22. Ng5 Qe7 23. Nxh7 {"En kvalitet
er en kvalitet er en kvalitet". (Etter kavlitetsvinsten blir det riktigere å
si: "En offiser er en offiser er en offiser". Greit nok, men det er svart som
har fordel av dronningbyttet. I stedet for angepsspill blir det nå et
materielt fordelaktig sluttspill som skal ros i land - mot en bondestilling
som ikke er så lett å få hull på.} Qxh4 24. Rxh4 Nxh7 25. Ne2 Rf8 26. Rg4 Be8
27. Nf4 (27. Bb4 {
hadde kanskje vært bedre, men jeg tror jeg rett og slett overså det.}) 27...
Kh8 28. b3 Rg8 29. c4 f5 30. exf6 Nxf6 31. Nxg6+ Bxg6 32. Rxg6 Rf8 33. f4 (33.
Rg7 {vinner mer materiell.}) 33... Ne4 34. Bxe4 dxe4 35. Rxe6 Rg8 36. Rxe4 Rg1+
{og svart ga samtidig opp den håpløse kampen. Bonden på c6 kom seg aldri til
c5, og det ble nok også svarts bane.} 1-0

[Event "Høstturneringen 2010"]
[Site "Ås, Akershus NOR"]
[Date "2010.10.21"]
[Round "6"]
[White "Furnes, Torstein"]
[Black "Lange, David"]
[Result "1-0"]
[WhiteElo "1551"]
[BlackElo "1849"]
[Annotator "Furnes,Torstein"]
[PlyCount "115"]

1. d4 d5 2. c4 e6 3. Nc3 Nf6 4. Bg5 Be7 5. e3 h6 6. Bh4 c6 7. Nf3 Nbd7 8. Bd3
b6 9. O-O O-O 10. Rc1 Bb7 {Dette er det siste trekket som finnes i
åpningsbiblioteket til Fritz 10. Der er det tre partier som fortsetter med 11.
De2.} 11. cxd5 exd5 12. Bb1 Re8 13. Qd3 Qc8 $6 {Her tenkte jeg på å spille
Sxd5, siden springeren ikke kan slås av hverken bonden eller springeren. Men
jeg gjorde det ikke pga La6 og tårnet på f1 faller. Men i ettertid ser jeg at
jeg kunne gjort det likevel, fordi etter Sxe7+ Txe7 Da3 henger tårnet på e7.}
14. Rfe1 $2 (14. Nxd5 $1 Ba6 15. Nxe7+ Rxe7 16. Qa3 $18) 14... Ba6 15. Qc2 Bb7
16. Ne5 c5 ({Fritz vil spille} 16... Nf8) 17. Nxd7 Qxd7 18. Bxf6 Bxf6 19. Qh7+
Kf8 20. dxc5 bxc5 21. e4 $6 {Hensikten med dette trekket var å prøve å få
åpnet e-linjen for å avskjære kongen, men Fritz liker bedre trekk som Ted1
eller Tcd1.} Bxc3 $6 {
Fritz liker ikke dette trekket så godt. Førstevalgene til Fritz er d4 eller g6.
} (21... d4 22. Nd5 Bxd5 23. Qh8+ Ke7 24. exd5+ Kd6 $11) (21... g6 22. Qxh6+
Bg7 23. Qg5 $14) 22. Rxc3 f6 23. Rxc5 $2 {
Etter dette trekket forsvinner mye av hvits angrep. Fritz ville heller ha spilt
} (23. e5 $1 Qe6 (23... fxe5 $4 24. Rf3+ Ke7 25. Bf5 Qd6 26. Qxg7+ Kd8 27. Qxb7
Rb8 28. Qxa7 $18) (23... Rxe5 $4 24. Rxe5 fxe5 25. Rf3+ Ke7 26. Bf5 Qe8 27.
Qxg7+ Kd6 28. Bg4 $18) 24. Rce3 Qg8 25. Qc2 Rac8 (25... c4 $6 26. exf6 gxf6 27.
Qa4 Rxe3 28. Rxe3 Qf7 29. Qa3+ Kg8 30. Rg3+ Kh8 31. Qe3 Qf8 32. Rg6 $18) 26.
exf6 gxf6 27. Rxe8+ Rxe8 28. Qxc5+ Kg7 29. Qc7+ Qf7 30. Qxf7+ Kxf7 31. Bg6+
Kxg6 32. Rxe8 $18) 23... dxe4 24. Rec1 Rac8 25. Rxc8 Rxc8 26. Rxc8+ Bxc8 27.
Bc2 Bb7 28. Qh8+ Kf7 29. Qb8 a6 30. h3 Qc6 31. Bb3+ Kg6 32. Qg8 Qc1+ 33. Kh2
Qc7+ 34. Kg1 Qe7 35. Qb8 h5 36. Qg3+ Kh7 37. Qb8 g6 $2 {
Taper to bønder og får en utrygg konge midt på brettet.} (37... h4 $11) 38.
Qg8+ Kh6 39. Bf7 Kg5 40. Qxg6+ Kf4 41. Qxh5 f5 42. Qh6+ Ke5 43. Qg7+ Kd6 44.
Qg6+ Ke5 45. g3 Qd7 {
Tillater hvit å fremtvinge dronningbytte for å forenkle stillingen.} 46. Qg7+
Kd6 47. Qd4+ Ke7 48. Qxd7+ Kxd7 49. g4 Ke7 50. Bb3 Kf6 51. Kh2 Kg5 52. gxf5
Kxf5 53. Kg3 Bc6 54. Bc2 Ke5 55. h4 Be8 56. Kg4 Bd7+ 57. Kg5 Bf5 58. f4+ 1-0

[Event "Høstturneringen 2010"]
[Site "Ås, Akershus NOR"]
[Date "2010.11.11"]
[Round "7"]
[White "Furnes, Torstein"]
[Black "Lea, Per"]
[Result "1/2-1/2"]
[WhiteElo "1551"]
[BlackElo "1569"]
[Annotator "Lea,Per"]
[PlyCount "67"]
[EventDate "2010.09.02"]

1. d4 d5 2. c4 e6 3. Nc3 Nf6 4. Bg5 Be7 5. e3 O-O 6. Nf3 c6 7. Bd3 dxc4 8. Bxc4
Nd5 9. Bxe7 Qxe7 {En trekkrekkefølge som gjør at hvit kan slå tilbake på c3
med tårnet er mer vanlig, men også andre (Holger) i Follo  sjakkforening
foretrekker å slå tilbake med bonden. Spørsmålet er hva som er best: ei åpen
tårnlinje i c-linja, eller det som kan bli en sterk bondekjede, muligens
kombinert med ei åpen b-linje for tårnet.} 10. O-O Nxc3 11. bxc3 Nd7 12. Bb3 e5
{Et standardtrekk i klassisk dronninggambit. Før eller siden må svarts løper
på c8 vekkes til live.} 13. dxe5 Nxe5 14. Nxe5 Qxe5 15. Qd4 Qe7 {Alt for å unng
å et dronningbytte som jeg fryktet ville være til hvits fordel. Men om det var
riktig vurdert, er en annen sak.} 16. Rfd1 Bf5 17. Qf4 Bg6 {Her blir nok
løperen stånde litt passivt, men jeg ville for enhver pris hindre hvit å
trenge inn på 7. raden, f.eks.:} (17... Be6 18. Bxe6 Qxe6 19. Qc7 b6 20. Rd7
Rac8 21. Qxa7 Ra8 22. Qc7 Rxa2 23. Rxa2 Qxa2 {
men i ettertid er det er ikke sikkert det er så farlig allikevel.}) 18. Rd6
Rfd8 19. Rad1 Kf8 20. Kf1 {
Et slapt kongetrekk fra begges side.  Svart skulle slått på d6 med en gang.}
Rxd6 21. Rxd6 c5 22. Ke1 Rd8 23. Rxd8+ Qxd8 24. Qe5 b6 25. h4 Bd3 26. Qf4 Qd7
$2 {Svart overser en banal kombinasjon som vinner en bonde, men med dronninger
på brettet og en utsatt hvit konge (den hadde stått bedre om den hadde gått
til g1 i trekk 22)} (26... f6 {
hadde derfor vært bedre og sikret remis med en gang.}) 27. Bxf7 Qxf7 28. Qd6+
Ke8 29. Qxd3 Qxa2 30. Qe4+ {Hvit tør ikke ta med seg bonden på h7} (30. Qxh7
Qa1+ 31. Kd2 Qa2+ 32. Qc2 Qd5+ 33. Ke1 Qxg2 34. Qa4+ Kf8 35. Qxa7 Qh1+ 36. Ke2
Qxh4 37. Qxb6 Qc4+ 38. Kd2 Qa2+ 39. Kd1 Qxf2 40. Qxc5+ Kf7 {og det er mulig
hvit klarer å ro det i land allikevel. Men sånt er ikke lett å se når man
sitter over brettet.}) 30... Kf7 31. Qb7+ ({Igjen kunne hvit prøve} 31. Qxh7
Qa1+ 32. Kd2 Qa2+ 33. Qc2 Qxc2+ 34. Kxc2 Kg6 35. g4 {og svart sliter.}) 31...
Kf8 32. Qc8+ Kf7 33. Qd7+ Kf6 34. Qd8+ {Etter partiet syntes vi at resultatet
var greit, men i ettertid må svart være mest fornøyd med resultatet.} 1/2-1/2

[Event "Høstturneringen 2010"]
[Site "Ås, Akershus NOR"]
[Date "2010.11.11"]
[Round "8"]
[White "Lange, Holger"]
[Black "Furnes, Torstein"]
[Result "0-1"]
[WhiteElo "1660"]
[BlackElo "1551"]
[Annotator "Furnes,Torstein"]
[PlyCount "140"]

1. d4 d5 2. c4 e6 3. Nc3 Nf6 4. Bg5 Be7 5. e3 O-O 6. Nf3 c6 {
Ikke det mest vanlige. Hovedvariantene i åpningsbiblioteket til Fritz 10 er:} (
6... Nbd7 {[%emt 0:00:00]} 7. Rc1 {[%emt 0:00:00]} c6 8. Bd3 dxc4 9. Bxc4 Nd5
10. Bxe7 Qxe7 11. O-O Nxc3 12. Rxc3 e5) (6... h6 7. Bh4 b6 8. Be2 Bb7 9. Bxf6
Bxf6 10. cxd5 exd5 11. b4) 7. Bd3 dxc4 {Noe uvanlig. Hovedlinjen hos Fritz er:}
(7... Nbd7 8. Rc1 dxc4 9. Bxc4 Nd5 {
og via trekkomkastning har vi kommet inn i en av variantene nevnt ovenfor.}) 8.
Bxc4 b5 9. Bd3 a6 10. O-O Nbd7 11. Rc1 Bb7 {
Siste trekk som finnes i Fritz sin åpningsbase. Der fortsetter det med 12.Lxf6.
} 12. Bb1 (12. Bxf6 Nxf6 13. Ne4) 12... Rc8 {Så langt har vi fulgt partier som
er registrert i den store online databasen 365chess.com, men 13.Dd3 finnes
ikke der. Istedet fortsetter det varianter med 13.a3, 13.Se5, 13.e4 og 13.De2.}
13. Qd3 c5 {Fritz 10 mener at svart her har utlignet, og at dette utgjør et
vendepunkt fra hvit fordel til svart fordel.} 14. Bxf6 (14. Ne5 $5 Nxe5 15.
dxe5 Qxd3 16. Bxd3 $11) 14... Nxf6 15. e4 c4 16. Qc2 g6 17. a3 Qb6 18. Qe2 Rfd8
19. Rfd1 a5 20. Qe3 (20. a4 $5 bxa4 (20... b4 $6 21. Nb5) 21. Nxa4 $11) 20...
b4 21. axb4 axb4 22. Ne2 Rc7 23. Ne5 Rdc8 24. h3 Ba6 25. Ng3 c3 26. Rc2 (26.
bxc3 Rxc3 27. Rxc3 Rxc3 28. Qd2 $15) 26... Bb5 27. b3 Ra7 28. Ra2 $2 (28. Rcc1)
28... Rca8 $2 {Her kunne jeg fått stor fordel med Txa2. Fritz 10 angir noen
morsomme varianter:} (28... Rxa2 29. Bxa2 c2 30. Rc1 (30. Re1 Rc3 31. Qd2 Bd6
32. Rc1 Rxg3 $1 33. Rxc2 (33. fxg3 Bxe5 34. Qxc2 Qxd4+ 35. Qf2 Qd6) 33... Nxe4
$19) (30. Ra1 Rc3 31. Qd2 Rxg3 $1 32. Nf3 (32. fxg3 Nxe4 33. Qe3 Nxg3 $19)
32... Nxe4 33. Qxc2 Rxf3 $1 34. Qxe4 (34. gxf3 Ng5) 34... Rd3 $19) 30... Qa7
31. Bb1 cxb1=Q 32. Rxb1 $19) 29. Rxa7 Rxa7 30. Bd3 Bxd3 31. Qxd3 Ra2 32. Nc4
Qa7 33. Ne2 Nd7 34. Nxc3 $6 {Dette offeret er nok litt tvilsomt. Riktignok får
hvit en fribonde, men svart har kontroll over den.} bxc3 35. Qxc3 e5 36. Qe3 $6
(36. Ne3) 36... exd4 $6 {Sterkere er} (36... Ra1 37. Qf3 (37. Rxa1 Qxa1+ 38.
Kh2 exd4 $19) 37... Rxd1+ 38. Qxd1 Qxd4 $19) 37. Qxd4 Qxd4 38. Rxd4 Nc5 39. Nd2
Ne6 40. Rd7 Bc5 41. Rd3 Ra1+ 42. Kh2 {Velger å gi f-bonden fremfor å få den
passive stillingen etter Sf1. En mulig fortsettelse kunne blitt:} (42. Nf1 Ng5
43. e5 Ne4 44. g3 Ra2 $19) 42... Bxf2 43. Rf3 Bg1+ 44. Kg3 Re1 {Planlegger å
fremtvinge tårnbytte for å avvikle til et vunnet sluttspill. Men svart hadde
sterkere alternativer. Fritz 10 angir:} (44... Rd1 45. Rf1 (45. Rd3 Nc5 46.
Rd8+ Kg7 47. Kf3 Nxb3) (45. Nc4 Nd4) (45. Nf1 Nd4 46. Ne3 Ne2+ 47. Kh4 Rd4)
45... Rxd2 46. Rxg1 Rd3+ 47. Kf2 Rxb3) 45. b4 Re3 $6 {
Ønsker som sagt tårnbytte, men også her hadde jeg bedre trekk. F.eks.} (45...
Re2 46. Rd3 Ng5 47. Kf4 Rxg2) (45... Ng5 46. Rd3 Re2 47. Kf4 Rxg2) 46. Rxe3
Bxe3 47. Nc4 Bd4 48. b5 Nc5 49. Kf3 Nd7 50. Kf4 f6 51. g4 Nb6 52. Na5 Be5+ 53.
Ke3 Kf7 54. Kd3 Ke6 55. Nc4 Nxc4 56. Kxc4 Bb8 57. b6 Ke5 58. Kd3 Kd6 59. Kc4
Kc6 60. b7 Be5 61. h4 h6 {Mest effektivt er} (61... h5 62. gxh5 gxh5 63. Kd3
Kxb7) 62. Kb4 Kxb7 63. Kc4 Kc7 64. Kd5 Kd7 65. Kc5 Ke6 66. Kc4 Ba1 67. Kd3 Ke5
68. Ke3 Bd4+ 69. Kf3 Bb6 70. h5 g5 0-1

[Event "Høstturneringen 2010"]
[Site "Ås, Akershus NOR"]
[Date "2010.11.11"]
[Round "8"]
[White "Weberg, Øivind"]
[Black "Garmark, Vegard"]
[Result "1-0"]
[WhiteElo "1416"]
[BlackElo "1093"]
[PlyCount "93"]
[EventDate "2010.09.02"]

1. f4 Nf6 2. Nf3 d5 3. e3 e6 4. Be2 c5 5. O-O Bd6 6. b3 O-O 7. Bb2 Nc6 8. Na3
a6 9. c4 Re8 10. Nc2 Rb8 11. h3 b5 12. cxb5 axb5 13. a4 bxa4 14. Bxf6 Qxf6 15.
bxa4 Ra8 16. Bb5 Bd7 17. Qe2 Red8 18. g4 c4 19. g5 Qf5 20. Bxc6 Bxc6 21. Ncd4
Qxh3 22. Nxc6 Qg4+ 23. Qg2 Qxg2+ 24. Kxg2 Rdc8 25. Ncd4 c3 26. dxc3 Rxc3 27.
Nb5 Rc2+ 28. Rf2 Rxf2+ 29. Kxf2 Bb4 30. Nfd4 Kf8 31. Nc6 Ba5 32. Nxa5 Rxa5 33.
Ke2 Ke7 34. Kd3 Kd7 35. Nc3 Kc6 36. Rh1 h6 37. gxh6 gxh6 38. Rxh6 Kd6 39. f5
Ke5 40. fxe6 fxe6 41. Rh5+ Kd6 42. Rh4 e5 43. Kc2 Kc5 44. Rh5 d4 45. Rxe5+ Kb4
46. Rxa5 Kxa5 47. exd4 1-0

[Event "Høstturneringen 2010"]
[Site "Ås, Akershus NOR"]
[Date "2010.12.09"]
[Round "9"]
[White "Lea, Per"]
[Black "Høva, Frode"]
[Result "0-1"]
[WhiteElo "1569"]
[BlackElo "1598"]
[Annotator "Lea,Per"]
[PlyCount "70"]
[EventDate "2010.09.02"]

1. e4 c5 2. Nf3 d6 3. d4 cxd4 4. Nxd4 Nf6 5. Nc3 e6 6. Bg5 Nc6 7. Qd2 a6 8.
O-O-O h6 9. Bxf6 $2 {
Mekaninsk spilt - i den tro at retretten til h4 taper en bonde:} (9. Bh4 Nxe4
10. Nxe4 Qxh4 11. Nxc6 Qxe4 {
og jeg har større problemer enn jeg setter pris på.} ({
Svart går selvfølgelig ikke inn i} 11... bxc6 12. Nxd6+ Bxd6 13. Qxd6 Bb7 (
13... Qe7 14. Qxc6+ Kf8 15. Qxa8) 14. Qd7+ Kf8 15. Qxb7)) ({
Men en bedre måte å spille på, er:} 9. Bh4 Nxe4 10. Qf4 g5 11. Nxc6 bxc6 12.
Nxe4 gxf4 13. Bxd8 Kxd8 14. Nxd6 Bxd6 15. Rxd6+ Kc7 16. Rd2 {
og jeg vil definitivt foretrekke hvits stilling.}) 9... Qxf6 10. f4 $2 {
Så mister jeg en bonde allikevel...} Nxd4 11. Qxd4 Qxf4+ 12. Kb1 Qf6 13. Qd2 ({
Frustert over bondebukken ser jeg ikke følgende variant, som berger - om ikke
partiet - så i det minste litt av æren og selvfølelsen...:} 13. Qa4+ Bd7 14.
Bb5 Qd8 15. Bxd7+ Qxd7 16. Qd4) 13... Be7 14. Bc4 O-O 15. g4 {
Et hjelpeløst slag i løse lufta.} b5 16. Bd3 Bb7 17. Rde1 Qe5 18. h4 b4 19. Nd1
a5 20. c3 bxc3 21. Qxc3 Qxc3 22. Nxc3 Bf6 23. Nb5 Ba6 24. Re3 Be5 25. Rf3 a4
26. Na3 (26. Nc3 {så ikke noe fristende ut på grunn av den ødelagte
kongestillingen, men med det reduserte materiellet spiller det neppe noen
rolle etter:} Bxc3 27. bxc3 Rab8+ 28. Kc1 {Men det er vanskelig nok å holde
hodet over vannet her. Allikevel hadde nok svart heller beholdt løperparret.})
(26. Nc3 Bb7 27. Rc1 Rfc8 {med ekkelt press.}) 26... Rfb8 27. Bxa6 Rxb2+ 28.
Kc1 Rxa6 {Oppgitt.} {Å styre de hvite brikkene i varianter som} 29. Kd1 Rxa2
30. Rhf1 Rb6 31. R1f2 Ra1+ 32. Kd2 Rb2+ 33. Nc2 Bf6 34. Re2 Raa2 35. Kd1 Bxh4 {
var ikke spesielt fristende. Kanskje burde jeg begynne å spille Siciliansk som
svart...?} 0-1

[Event "Høstturneringen 2010"]
[Site "Ås, Akershus NOR"]
[Date "2010.12.09"]
[Round "9"]
[White "Furnes, Torstein"]
[Black "Simonsen, Steinar"]
[Result "1/2-1/2"]
[WhiteElo "1551"]
[BlackElo "1260"]
[PlyCount "52"]
[EventDate "2010.09.02"]

1. d4 Nf6 2. c4 e6 3. Nf3 d5 4. e3 c5 5. cxd5 Nxd5 6. Be2 cxd4 7. Nxd4 Bb4+ 8.
Bd2 O-O 9. O-O Bxd2 10. Nxd2 Nd7 11. N2f3 N7f6 12. Rc1 Re8 13. Ne5 Qa5 14. Qb3
Ne4 15. Nc4 Qb4 16. Qxb4 Nxb4 17. a3 Nd5 18. Bd3 Nc5 19. Bb1 Rd8 20. b4 Nd7 21.
Rfd1 N7f6 22. e4 Nf4 23. g3 Rxd4 24. gxf4 Rxd1+ 25. Rxd1 Bd7 26. e5 Nd5 1/2-1/2